| 000 | 00408nam a22001217a 4500 | ||
|---|---|---|---|
| 999 |
_c6362 _d6362 |
||
| 008 | 180620b ||||| |||| 00| 0 eng d | ||
| 020 | _a0-19-926112-1 | ||
| 082 | _a304.6 WOM | ||
| 100 | _cGARCIA BRIGIDA,ANKER RICHARD AND PINNELLI ANTONELLA(ED) | ||
| 245 | _aWOMEN IH THE LABOUR MARKET IN CHANGING ECONOMIES: DEMOGRAPHIC ISSUES. | ||
| 250 | _a5TH, ED. | ||
| 260 |
_aGREAT CLARENDON _bOXFORD UNIVERSITY PRESS _c2004 |
||